000
00431nam a2200169Ia 4500
008
090711s9999 xx 000 0 und d
082
_b
54060
100
_a
यंत्रानंद
245
_a
वायरमन
260
_c
1965
300
_a
148
600
_a
यंत्रानंद
630
_a
वायरमन
700
_a
यंत्रानंद
730
_a
वायरमन
942
_c
BOOK
999
_c
288434
_d
288434